[Event "Klatovy"]
[Site "?"]
[Date "2007.??.??"]
[Round "?"]
[White "Kubecka, D."]
[Black "Herejk, P."]
[Result "1-0"]
[WhiteElo "2260"]
[BlackElo "2160"]
[PlyCount "111"]
[EventDate "2007.??.??"]

1. Nf3 Nf6 2. g3 b6 3. Bg2 Bb7 4. O-O e6 5. d3 Be7 6. e4 d6 7. Nbd2 O-O 8. b3
c5 9. Ne1 d5 10. e5 Nfd7 11. f4 f6 12. Bb2 fxe5 13. fxe5 Rxf1+ 14. Nxf1 Nc6 15.
Qg4 Nf8 16. Nf3 Qe8 17. N1d2 Qg6 18. Qxg6 Nxg6 19. Bh3 Bc8 20. Kf1 Bd7 21. Re1
Rf8 22. Ke2 Bd8 23. Kd1 h6 24. c3 Nge7 25. d4 cxd4 26. Nxd4 Nxd4 27. cxd4 Nc6
28. a3 g5 29. Rf1 Rxf1+ 30. Nxf1 Kg7 31. Ne3 Ne7 32. b4 h5 33. Bf1 Be8 34. Kd2
Bg6 35. Be2 Kh6 36. Bc1 Be4 37. Kc3 Kg6 38. Bd2 Nc6 39. Bb5 Ne7 40. Be8+ Kh6
41. Bd7 Bf5 42. Nxf5+ exf5 43. h4 f4 44. hxg5+ Kxg5 45. Bxf4+ Kg6 46. Be8+ Kf5
47. Bxh5 Nc6 48. Bf3 Ne7 49. b5 Bc7 50. Be3 Ke6 51. Bg4+ Kf7 52. Bg5 Ng6 53.
Bh5 Kg7 54. Bxg6 Kxg6 55. Be7 Kf5 56. Kd3 1-0

[Event "Klatovy"]
[Site "?"]
[Date "2007.??.??"]
[Round "?"]
[White "Blecha, M."]
[Black "Vedral, O."]
[Result "1/2-1/2"]
[WhiteElo "2190"]
[BlackElo "2260"]
[PlyCount "89"]
[EventDate "2007.??.??"]

1. e4 c5 2. Nf3 Nc6 3. d4 cxd4 4. Nxd4 Nf6 5. Nc3 e5 6. Ndb5 d6 7. Bg5 a6 8.
Na3 b5 9. Nd5 Be7 10. Bxf6 Bxf6 11. c3 O-O 12. Nc2 Bg5 13. a4 bxa4 14. Rxa4 a5
15. Bc4 Rb8 16. b3 Kh8 17. h4 Bh6 18. g4 Bf4 19. g5 Be6 20. Nce3 Bxe3 21. Nxe3
Ne7 22. Bxe6 fxe6 23. Nc4 Qc7 24. Qxd6 Qxd6 25. Nxd6 Rxb3 26. O-O Rxc3 27. Rxa5
Rd3 28. Ra6 Rh3 29. Nc4 Rxh4 30. Nxe5 Ng6 31. Nxg6+ hxg6 32. f3 Rh5 33. Ra5 Rb8
34. Kf2 Kg8 35. Rc1 Rb7 36. Kg3 Kf7 37. Rac5 Re7 38. Kg4 Rh8 39. Rc7 Rd8 40.
Rxe7+ Kxe7 41. Rc7+ Rd7 42. Rxd7+ Kxd7 43. f4 Kd6 44. Kf3 Kc5 45. Kg4 1/2-1/2

[Event "Klatovy"]
[Site "?"]
[Date "2007.??.??"]
[Round "?"]
[White "Trmota, Z."]
[Black "Palek, M."]
[Result "1/2-1/2"]
[WhiteElo "2155"]
[BlackElo "2245"]
[PlyCount "93"]
[EventDate "2007.??.??"]

1. d4 Nf6 2. Nf3 e6 3. c4 Bb4+ 4. Bd2 Qe7 5. g3 b6 6. Bg2 Bb7 7. O-O O-O 8. Bg5
h6 9. Bf4 d5 10. cxd5 exd5 11. Qc2 c6 12. Nh4 Bc8 13. a3 Bd6 14. Bxd6 Qxd6 15.
Nc3 Be6 16. Rfd1 Re8 17. Rac1 Nbd7 18. Nf5 Qf8 19. e3 Rac8 20. Qb1 Ne4 21. Nxe4
Bxf5 22. Nf6+ Nxf6 23. Qxf5 Qd6 24. Rc2 Rc7 25. Qd3 Qe6 26. b4 Rec8 27. Rdc1
Ne8 28. e4 dxe4 29. Qxe4 Nd6 30. Qxe6 fxe6 31. Rxc6 Rxc6 32. Rxc6 Rxc6 33. Bxc6
Kf7 34. f4 Nc4 35. a4 Ke7 36. Kf2 Kd6 37. Bb5 Kd5 38. Bd7 Nd2 39. Ke2 Nb3 40.
Kd3 Nxd4 41. Bc8 Nf5 42. Bb7+ Kd6 43. Be4 Ne7 44. Kd4 Ng8 45. a5 Nf6 46. axb6
axb6 47. Bf3 1/2-1/2

[Event "Klatovy"]
[Site "?"]
[Date "2007.??.??"]
[Round "?"]
[White "Folkova, M."]
[Black "Sott, P."]
[Result "0-1"]
[WhiteElo "2195"]
[BlackElo "2115"]
[PlyCount "50"]
[EventDate "2007.??.??"]

1. e4 c5 2. Nf3 Nc6 3. d4 cxd4 4. Nxd4 e5 5. Nb5 a6 6. Nd6+ Bxd6 7. Qxd6 Qf6 8.
Qc7 Nge7 9. Nc3 Nb4 10. Bd3 O-O 11. Be3 Nxd3+ 12. cxd3 d6 13. O-O Nc6 14. Nd5
Qg6 15. f4 f5 16. Rac1 Rf7 17. Qb6 Be6 18. Nc7 Raf8 19. Qxb7 exf4 20. Bxf4 Nd4
21. Bxd6 fxe4 22. Bxf8 Bh3 23. Rc2 Nxc2 24. Qxe4 Rxf1+ 25. Kxf1 Bxg2+ 0-1

[Event "Klatovy"]
[Site "?"]
[Date "2007.??.??"]
[Round "?"]
[White "Gdovin, J."]
[Black "Michalek, J."]
[Result "0-1"]
[WhiteElo "2115"]
[BlackElo "2355"]
[PlyCount "87"]
[EventDate "2007.??.??"]

1. e4 g6 2. d4 Bg7 3. Nc3 d6 4. Be3 a6 5. Qd2 Nd7 6. h4 h5 7. Nh3 b5 8. Ng5 Bb7
9. a4 c6 10. Bd3 Ngf6 11. f3 O-O 12. Ne2 e5 13. O-O exd4 14. Bxd4 Ne5 15. b4
Qe7 16. f4 Ned7 17. Ng3 c5 18. bxc5 dxc5 19. Bxf6 Nxf6 20. e5 Ng4 21. Be4 Rad8
22. Qe2 c4 23. axb5 axb5 24. Rae1 Bc8 25. c3 f5 26. Bc2 Bh6 27. Nh1 Bxg5 28.
hxg5 Be6 29. Nf2 Qc5 30. Kh1 Rf7 31. Nh3 Rfd7 32. Rd1 b4 33. cxb4 Qxb4 34. Rxd7
Rxd7 35. Rd1 Rd5 36. Rxd5 Bxd5 37. Nf2 Qa3 38. Nxg4 Qc1+ 39. Qd1 Qxd1+ 40. Bxd1
hxg4 41. Kg1 Kf8 42. Kf2 Be4 43. Be2 c3 44. Ke3 0-1

[Event "Klatovy"]
[Site "?"]
[Date "2007.??.??"]
[Round "?"]
[White "Brom, J."]
[Black "Trmal, J."]
[Result "1-0"]
[WhiteElo "2120"]
[BlackElo "2320"]
[PlyCount "83"]
[EventDate "2007.??.??"]

1. e4 e5 2. Nf3 Nc6 3. Bb5 a6 4. Ba4 Nf6 5. d4 exd4 6. O-O Be7 7. e5 Ne4 8.
Nxd4 Nxd4 9. Qxd4 Nc5 10. Nc3 O-O 11. Be3 d6 12. Rad1 Nxa4 13. Qxa4 Bd7 14. Qd4
Bf5 15. Nd5 Re8 16. Nxe7+ Qxe7 17. exd6 cxd6 18. c4 Be6 19. Bf4 Qd7 20. b3 b5
21. Bxd6 bxc4 22. bxc4 Rec8 23. c5 Bxa2 24. Qa1 Qa4 25. Rd4 Qc2 26. Rc1 Qe2 27.
Re1 Qc2 28. Rg4 g6 29. Qf6 Rxc5 30. Bxc5 Qxc5 31. Rd4 Bb3 32. h3 a5 33. Re7 Be6
34. Rdd7 Qc4 35. Rd6 Bf5 36. Rd4 Qc1+ 37. Kh2 Rf8 38. g4 Qf1 39. Rd2 Be6 40.
Rd6 Bf5 41. Qd4 Bc8 42. Rf6 1-0

[Event "Klatovy"]
[Site "?"]
[Date "2007.??.??"]
[Round "?"]
[White "Plat, V."]
[Black "Havlikova, K."]
[Result "1-0"]
[WhiteElo "2280"]
[BlackElo "2100"]
[PlyCount "53"]
[EventDate "2007.??.??"]

1. d4 Nf6 2. c4 g6 3. Nc3 Bg7 4. e4 d6 5. Bd3 O-O 6. Nge2 e5 7. O-O Nc6 8. d5
Ne7 9. Bg5 h6 10. Bd2 Nd7 11. b4 f5 12. f3 f4 13. Qe1 Rf7 14. Qf2 Bf8 15. Rac1
g5 16. g4 fxg3 17. hxg3 Ng6 18. Nd1 g4 19. Qg2 gxf3 20. Rxf3 Rxf3 21. Qxf3 Nf6
22. Ne3 Nh7 23. Rf1 Ng5 24. Qh5 Nh3+ 25. Kh2 Qg5 26. Qf3 Bg7 27. Qf7+ 1-0

[Event "Klatovy"]
[Site "?"]
[Date "2007.??.??"]
[Round "?"]
[White "Jacek, M."]
[Black "Folk, P."]
[Result "1-0"]
[WhiteElo "2105"]
[BlackElo "2255"]
[PlyCount "65"]
[EventDate "2007.??.??"]

1. e4 c5 2. Nc3 e6 3. f4 a6 4. g3 d5 5. Bg2 d4 6. Nce2 Nc6 7. d3 Nf6 8. Nf3 Be7
9. O-O b5 10. Kh1 Bb7 11. h3 Nd7 12. g4 Nb6 13. Ng3 Qc7 14. Qe1 g6 15. Bd2
O-O-O 16. b3 Rde8 17. Qf2 f5 18. gxf5 exf5 19. c4 b4 20. Rae1 fxe4 21. Nxe4
Rhf8 22. Qg3 Bd6 23. Nfg5 Nd8 24. Nxd6+ Qxd6 25. Ne4 Qc6 26. f5 Kd7 27. fxg6
hxg6 28. Nf6+ Qxf6 29. Rxf6 Bxg2+ 30. Kxg2 Rxf6 31. Rxe8 Kxe8 32. Bg5 Re6 33.
Qb8 1-0

[Event "Klatovy"]
[Site "?"]
[Date "2007.??.??"]
[Round "?"]
[White "Jaros, M."]
[Black "Cmiko, J."]
[Result "1-0"]
[WhiteElo "2195"]
[BlackElo "2100"]
[PlyCount "65"]
[EventDate "2007.??.??"]

1. e4 c5 2. c3 d5 3. exd5 Qxd5 4. d4 Nf6 5. Nf3 Bg4 6. Be2 e6 7. O-O Nc6 8. h3
Bh5 9. a3 Be7 10. Be3 cxd4 11. cxd4 O-O 12. Nc3 Qd8 13. Qb3 Na5 14. Qa2 Nd5 15.
Rac1 Qd6 16. Nxd5 exd5 17. Rc5 Bxf3 18. Bxf3 Nc6 19. Rxd5 Qe6 20. Qb1 f5 21.
Re1 Qf6 22. b4 Rad8 23. b5 f4 24. Rxd8 Rxd8 25. Bxf4 Qxf4 26. bxc6 Bd6 27. Qb3+
Kh8 28. g3 Qxd4 29. Rd1 Qf6 30. cxb7 Bb8 31. Rxd8+ Qxd8 32. Qd5 Bd6 33. Kg2 1-0

[Event "Klatovy"]
[Site "?"]
[Date "2007.??.??"]
[Round "?"]
[White "Pokrupa, M."]
[Black "Cuhra, M."]
[Result "1/2-1/2"]
[WhiteElo "2175"]
[BlackElo "2090"]
[PlyCount "86"]
[EventDate "2007.??.??"]

1. Nf3 Nf6 2. c4 c5 3. g3 d5 4. Bg2 Nc6 5. O-O e5 6. cxd5 Nxd5 7. Nc3 Be6 8. d3
Be7 9. Bd2 O-O 10. Nxd5 Bxd5 11. Bc3 f6 12. a4 Qd7 13. Nd2 b6 14. Bxd5+ Qxd5
15. Qb3 Qxb3 16. Nxb3 f5 17. e4 f4 18. f3 Rad8 19. Rad1 Rd6 20. Kf2 Rh6 21. Rh1
Rd8 22. Ke2 Kf7 23. Nd2 g5 24. Nc4 Ke6 25. Kf2 Rg6 26. Rhg1 Rf8 27. gxf4 Rxf4
28. Ne3 h5 29. h3 Rf7 30. Ke2 Bd6 31. Rg2 Nd4+ 32. Bxd4 exd4 33. Nd5 Rfg7 34.
Rdg1 Kf7 35. b3 h4 36. Rg4 Bg3 37. Rf1 Ke6 38. f4 gxf4 39. Rfxf4 Rxg4 40. Rxg4
Rf7 41. Rg6+ Ke5 42. Rg5+ Ke6 43. Rg6+ Ke5 1/2-1/2

[Event "Klatovy"]
[Site "?"]
[Date "2007.??.??"]
[Round "?"]
[White "Volak, M."]
[Black "Jakl, A."]
[Result "1/2-1/2"]
[WhiteElo "2145"]
[BlackElo "1965"]
[PlyCount "44"]
[EventDate "2007.??.??"]

1. d4 Nf6 2. c4 e6 3. Nf3 Bb4+ 4. Nbd2 O-O 5. a3 Bxd2+ 6. Nxd2 d6 7. e4 e5 8.
d5 c6 9. Be2 Ne8 10. b4 f5 11. O-O Nf6 12. dxc6 bxc6 13. Qc2 fxe4 14. Nxe4 Bf5
15. Bd3 d5 16. Nxf6+ Qxf6 17. cxd5 cxd5 18. Bb2 Nd7 19. Rad1 Qe6 20. f3 Bxd3
21. Qxd3 Nb6 22. Ba1 Rad8 1/2-1/2

[Event "Klatovy"]
[Site "?"]
[Date "2007.??.??"]
[Round "?"]
[White "Hlavac, R."]
[Black "Routner, J."]
[Result "0-1"]
[WhiteElo "2095"]
[BlackElo "2135"]
[PlyCount "88"]
[EventDate "2007.??.??"]

1. e4 g6 2. d4 Bg7 3. Nc3 d6 4. Nf3 Nf6 5. Be2 Bg4 6. Be3 Nc6 7. d5 Bxf3 8.
Bxf3 Ne5 9. Be2 c6 10. f4 Ned7 11. dxc6 bxc6 12. Qd3 Qa5 13. O-O O-O 14. a3
Rab8 15. b3 Rfc8 16. Na4 c5 17. Bd2 Qc7 18. Bc3 c4 19. Qxc4 Qb7 20. Qd3 Qxe4
21. Qxe4 Nxe4 22. Bxg7 Kxg7 23. Bd3 Ndc5 24. Nxc5 Nxc5 25. Be2 e6 26. b4 Ne4
27. Bd3 Nc3 28. Rfe1 d5 29. Kf2 Na4 30. Ra2 Rc3 31. g4 Rbc8 32. f5 Kf6 33. g5+
Ke7 34. h4 Kd6 35. fxe6 fxe6 36. h5 e5 37. hxg6 hxg6 38. Rd1 Rf8+ 39. Kg2 Rf4
40. Bxg6 Rg4+ 41. Kf2 Rcg3 42. Rh1 Rxg5 43. Bd3 e4 44. Be2 Nc3 0-1

[Event "Klatovy"]
[Site "?"]
[Date "2007.??.??"]
[Round "?"]
[White "Novotny, J."]
[Black "Cakl, Z."]
[Result "1/2-1/2"]
[WhiteElo "2055"]
[BlackElo "2130"]
[PlyCount "21"]
[EventDate "2007.??.??"]

1. d4 d5 2. c4 e6 3. Nc3 f5 4. Nf3 Nf6 5. Bg5 Be7 6. e3 O-O 7. Rc1 c6 8. Be2
Ne4 9. Bxe7 Qxe7 10. cxd5 exd5 11. O-O 1/2-1/2

[Event "Klatovy"]
[Site "?"]
[Date "2007.??.??"]
[Round "?"]
[White "Krejci, S."]
[Black "Cvikl, M."]
[Result "1-0"]
[WhiteElo "2185"]
[BlackElo "2085"]
[PlyCount "57"]
[EventDate "2007.??.??"]

1. Nf3 c5 2. c4 Nf6 3. d4 cxd4 4. Nxd4 Nc6 5. Nc3 g6 6. g3 Bg7 7. Bg2 O-O 8.
O-O Qb6 9. e3 d6 10. b3 Nxd4 11. exd4 e6 12. Be3 Qa6 13. Nb5 Ne8 14. Bg5 f6 15.
Be3 Qa5 16. Qd3 a6 17. Bd2 Qb6 18. Nc3 f5 19. Be3 Bd7 20. Rad1 Qc7 21. Bf4 h6
22. c5 Rc8 23. Rc1 Bc6 24. d5 exd5 25. Nxd5 Qf7 26. Rfe1 Nf6 27. Re7 Bxd5 28.
Rxf7 Bxf7 29. Bxd6 1-0

[Event "Klatovy"]
[Site "?"]
[Date "2007.??.??"]
[Round "?"]
[White "Vanka, M."]
[Black "Kovar, P."]
[Result "1-0"]
[WhiteElo "2185"]
[BlackElo "2005"]
[PlyCount "73"]
[EventDate "2007.??.??"]

1. e4 c5 2. Nc3 Nc6 3. f4 g6 4. Nf3 Bg7 5. Bb5 e6 6. Bxc6 dxc6 7. e5 Ne7 8. Ne4
O-O 9. Nxc5 Qd5 10. Nd3 b6 11. Nf2 c5 12. b3 Bb7 13. Qe2 Nf5 14. c4 Qc6 15. d3
Rfd8 16. Ne4 Bf8 17. g4 Nd4 18. Nxd4 Rxd4 19. Bb2 Rdd8 20. O-O-O b5 21. h4 bxc4
22. bxc4 Qa6 23. Nf6+ Kg7 24. Rh2 Be7 25. h5 Rh8 26. h6+ Kf8 27. a3 Rd8 28. Rf2
Bxf6 29. exf6 Ke8 30. Qe3 Qc6 31. f5 Kd7 32. fxe6+ Qxe6 33. Qxc5 a6 34. Qe7+
Qxe7 35. fxe7 Kxe7 36. Bxh8 Rxh8 37. Re1+ 1-0

[Event "Klatovy"]
[Site "?"]
[Date "2007.??.??"]
[Round "?"]
[White "Skoda, M."]
[Black "Erneker, J."]
[Result "0-1"]
[WhiteElo "1995"]
[BlackElo "2155"]
[PlyCount "74"]
[EventDate "2007.??.??"]

1. e4 c5 2. Nc3 Nc6 3. f4 g6 4. g3 Bg7 5. Bg2 d6 6. d3 e6 7. Nf3 Nge7 8. O-O
O-O 9. h3 a6 10. g4 f5 11. Qe1 Nd4 12. Nxd4 cxd4 13. Ne2 Qc7 14. c3 Nc6 15.
gxf5 exf5 16. h4 fxe4 17. dxe4 Bg4 18. Bd2 Qb6 19. Nxd4 Nxd4 20. cxd4 Bxd4+ 21.
Kh1 Qxb2 22. Rb1 Qxa2 23. Bc3 Bxc3 24. Qxc3 Rf7 25. Qd4 Qe6 26. e5 dxe5 27.
fxe5 Rd7 28. Qe3 Re8 29. Rxb7 Qxe5 30. Qf2 Rxb7 31. Bxb7 Be6 32. Kg1 Bc4 33.
Rc1 Qb5 34. Qf3 Qb6+ 35. Kh1 Bf7 36. Be4 Qd8 37. Qg4 Rxe4 0-1

[Event "Klatovy"]
[Site "?"]
[Date "2007.??.??"]
[Round "?"]
[White "Janocko, P."]
[Black "Vlasak, L."]
[Result "1-0"]
[WhiteElo "2130"]
[BlackElo "2005"]
[PlyCount "141"]
[EventDate "2007.??.??"]

1. d4 d5 2. Nf3 Nf6 3. g3 Bf5 4. Bg2 e6 5. O-O Nbd7 6. c4 c6 7. cxd5 cxd5 8.
Nc3 Bd6 9. Qb3 Qb6 10. Qa4 O-O 11. Nh4 Bg6 12. Nxg6 hxg6 13. e4 dxe4 14. Nxe4
Nxe4 15. Bxe4 Nf6 16. Bg2 Rac8 17. Be3 Nd5 18. Bxd5 exd5 19. b3 Qc6 20. Qa5 b6
21. Qa6 b5 22. Qa5 Qb6 23. Qd2 a5 24. h4 Rfe8 25. Rac1 Ba3 26. Rxc8 Rxc8 27.
Kg2 Bb4 28. Qe2 Qe6 29. Qxb5 Rc2 30. Qb8+ Bf8 31. Kg1 Rc8 32. Qb5 Bb4 33. a3
Bxa3 34. Qxa5 Bd6 35. Qd2 Rb8 36. Qd3 Qe7 37. Rb1 Bb4 38. Rc1 Bd6 39. Rc6 Ra8
40. Kg2 Qd7 41. Ra6 Rb8 42. Rxd6 Qxd6 43. Bf4 Qb6 44. Bxb8 Qxb8 45. Qc3 Qe8 46.
Qf3 Qb5 47. Qe3 Kh7 48. Qc3 Qe8 49. Qf3 Qb5 50. Qxf7 Qxb3 51. h5 gxh5 52. Qxh5+
Kg8 53. g4 Qc4 54. Qe8+ Kh7 55. Qe5 Qc6 56. Qf5+ g6 57. Qe5 Qd7 58. Kg3 Qb7 59.
g5 Qb3+ 60. Kg2 Qd1 61. Qe7+ Kh8 62. Qf8+ Kh7 63. Qh6+ Kg8 64. Qxg6+ Kf8 65.
Qf5+ Kg7 66. Qe5+ Kg6 67. Qf6+ Kh5 68. Qf3+ Qxf3+ 69. Kxf3 Kxg5 70. Kg3 Kf5 71.
f4 1-0

[Event "Klatovy"]
[Site "?"]
[Date "2007.??.??"]
[Round "?"]
[White "Ondrejat, M."]
[Black "Pokora, L."]
[Result "1/2-1/2"]
[WhiteElo "2110"]
[BlackElo "1995"]
[PlyCount "24"]
[EventDate "2007.??.??"]

1. Nf3 Nf6 2. c4 g6 3. Nc3 Bg7 4. g3 d6 5. Bg2 c6 6. O-O O-O 7. d4 Nbd7 8. b3
Qc7 9. Bb2 Re8 10. Rc1 a6 11. e4 e5 12. d5 c5 1/2-1/2

[Event "Klatovy"]
[Site "?"]
[Date "2007.??.??"]
[Round "?"]
[White "Cekan, P."]
[Black "Boleslav, P."]
[Result "1-0"]
[WhiteElo "1970"]
[BlackElo "2105"]
[PlyCount "85"]
[EventDate "2007.??.??"]

1. d4 Nf6 2. c4 c5 3. d5 b5 4. cxb5 a6 5. b6 g6 6. Qb3 Bb7 7. Nc3 d6 8. a4 Nbd7
9. a5 Rc8 10. e4 c4 11. Bxc4 Nc5 12. Qb4 e6 13. Nge2 exd5 14. exd5 Bg7 15. O-O
O-O 16. Bg5 Qd7 17. Bf4 Rfe8 18. Rad1 Nfe4 19. f3 Nf6 20. Nd4 Nh5 21. Bc1 Qe7
22. g3 Qd7 23. Kg2 Re7 24. Nc6 Ree8 25. Rfe1 Nf6 26. Be3 Rxc6 27. dxc6 Qxc6 28.
Nd5 Re5 29. Bh6 Nxd5 30. Bxd5 Rxd5 31. Rxd5 Bxh6 32. Qd4 Qxd5 33. Re8+ Bf8 34.
Qxd5 Bxd5 35. b4 Nb7 36. b5 axb5 37. a6 Nc5 38. a7 Nd7 39. Rb8 Kg7 40. b7 Nb6
41. Rxf8 Bxb7 42. Rb8 Bd5 43. Rxb6 1-0

[Event "Klatovy"]
[Site "?"]
[Date "2007.??.??"]
[Round "?"]
[White "Turner, R."]
[Black "Jonas, V."]
[Result "1/2-1/2"]
[WhiteElo "2085"]
[BlackElo "1985"]
[PlyCount "70"]
[EventDate "2007.??.??"]

1. c4 e5 2. g3 Nf6 3. Bg2 Nc6 4. Nc3 Bb4 5. Nd5 O-O 6. Nxb4 Nxb4 7. a3 Nc6 8.
d3 Re8 9. e4 d6 10. Ne2 Be6 11. O-O Qd7 12. f3 Rf8 13. Be3 Ne8 14. Rc1 f5 15.
d4 exd4 16. Nxd4 fxe4 17. Nxe6 Qxe6 18. Qd5 Qxd5 19. cxd5 exf3 20. Rxf3 Rxf3
21. Bxf3 Ne5 22. Bg2 Nd3 23. Rc4 b5 24. Re4 Nxb2 25. Bh3 Nc4 26. Bd4 Nf6 27.
Bxf6 gxf6 28. Be6+ Kh8 29. a4 Na3 30. axb5 Nxb5 31. Bd7 a6 32. Rh4 Rf8 33. Bf5
Rf7 34. Ra4 Re7 35. Rxa6 Nd4 1/2-1/2

[Event "Klatovy"]
[Site "?"]
[Date "2007.??.??"]
[Round "?"]
[White "Vevera, R."]
[Black "Rezac, J."]
[Result "1-0"]
[WhiteElo "2080"]
[BlackElo "1765"]
[PlyCount "39"]
[EventDate "2007.??.??"]

1. e4 c5 2. Nf3 Nc6 3. d4 cxd4 4. Nxd4 g6 5. Nc3 Bg7 6. Be3 d6 7. Bc4 Nf6 8.
Bb3 Bd7 9. f3 O-O 10. Qd2 a6 11. O-O-O b5 12. h4 h5 13. g4 hxg4 14. h5 gxh5 15.
Nxc6 Bxc6 16. Bh6 Bxh6 17. Qxh6 Qb6 18. Qg5+ Kh8 19. Rxh5+ Nxh5 20. Qxh5+ 1-0

[Event "Klatovy"]
[Site "?"]
[Date "2007.??.??"]
[Round "?"]
[White "Hacaperkova, L."]
[Black "Palkova, K."]
[Result "1/2-1/2"]
[WhiteElo "1965"]
[BlackElo "2070"]
[PlyCount "81"]
[EventDate "2007.??.??"]

1. e4 d6 2. d4 Nf6 3. Bd3 e5 4. dxe5 dxe5 5. Nc3 Nc6 6. Nf3 Bg4 7. O-O Nd4 8.
Be2 Nxe2+ 9. Qxe2 c6 10. Qe3 Qa5 11. Bd2 Bc5 12. Qe2 Qc7 13. a3 Rd8 14. Be3
Bxe3 15. Qxe3 O-O 16. h3 Bxf3 17. Qxf3 Rd2 18. Rac1 Qb6 19. b3 Rfd8 20. Rfd1 h6
21. b4 R8d6 22. Re1 Nd7 23. Qe3 Qxe3 24. Rxe3 Nb6 25. Re2 Nc4 26. Rxd2 Rxd2 27.
Nb1 Rd4 28. f3 Kf8 29. Kf2 Ke7 30. Ke2 Kd7 31. h4 Kc7 32. g4 Kb6 33. Rg1 a5 34.
g5 h5 35. c3 Rd8 36. Rf1 g6 37. f4 exf4 38. Rxf4 Rd7 39. a4 axb4 40. cxb4 c5
41. Rf6+ 1/2-1/2

[Event "Klatovy"]
[Site "?"]
[Date "2007.??.??"]
[Round "?"]
[White "Skopec, L."]
[Black "Forman, M."]
[Result "0-1"]
[WhiteElo "1850"]
[BlackElo "2060"]
[PlyCount "72"]
[EventDate "2007.??.??"]

1. e4 c5 2. f4 e6 3. Nf3 Nc6 4. d3 Nf6 5. Nbd2 d5 6. c3 Qb6 7. g3 c4 8. e5 Ng4
9. d4 Ne3 10. Qa4 Bd7 11. Nxc4 Nxc4 12. Qc2 Rc8 13. Bd3 Nb4 14. cxb4 Bxb4+ 15.
Ke2 Nxe5 16. Qb3 Nxd3 17. Kxd3 O-O 18. Bd2 Rc4 19. Bc3 Qa6 20. Kd2 Ba4 21. Bxb4
Bxb3 22. axb3 Qb5 23. bxc4 Qxb4+ 24. Ke3 Qb3+ 25. Ke2 Qxb2+ 26. Kd3 dxc4+ 27.
Ke3 Qb3+ 28. Kf2 Qc2+ 29. Ke3 Rd8 30. Rhc1 Qd3+ 31. Kf2 b5 32. Rxa7 h6 33. Rxf7
Qb3 34. Nd2 Qb2 35. Ke2 Qxd4 36. Rd7 Rxd7 0-1

[Event "Klatovy"]
[Site "?"]
[Date "2007.??.??"]
[Round "?"]
[White "Hadrava, J."]
[Black "Kracik, D."]
[Result "1/2-1/2"]
[WhiteElo "1870"]
[BlackElo "2050"]
[PlyCount "88"]
[EventDate "2007.??.??"]

1. e4 c5 2. Nf3 d6 3. d4 cxd4 4. Nxd4 Nf6 5. Nc3 a6 6. Bc4 b5 7. Bb3 Bb7 8. f3
Nbd7 9. a4 bxa4 10. Bxa4 Qc7 11. O-O g6 12. Kh1 Bg7 13. Qe1 O-O 14. Bb3 Nc5 15.
Be3 Nxb3 16. cxb3 e5 17. Nde2 d5 18. exd5 Nxd5 19. Nxd5 Bxd5 20. b4 Qb7 21. Nc3
Bc6 22. Bc5 Rfd8 23. Qe2 f5 24. Rfd1 Re8 25. Qc4+ Qf7 26. Qxf7+ Kxf7 27. Rd6
Re6 28. Rad1 Rxd6 29. Rxd6 Rc8 30. Nd5 e4 31. fxe4 Be5 32. Ne7 Bxd6 33. Nxc8
Be5 34. exf5 gxf5 35. Nd6+ Ke6 36. Nc4 Bf6 37. Kg1 Kd5 38. b3 Bd4+ 39. Ne3+ Ke4
40. Bxd4 Kxd4 41. Nxf5+ Kc3 42. Kf2 Kxb4 43. g4 Bd5 44. Nd4 Bxb3 1/2-1/2

[Event "Klatovy"]
[Site "?"]
[Date "2007.??.??"]
[Round "?"]
[White "Paldus, P."]
[Black "Straka, V."]
[Result "1/2-1/2"]
[WhiteElo "2045"]
[BlackElo "1930"]
[PlyCount "47"]
[EventDate "2007.??.??"]

1. e4 c5 2. c3 d5 3. exd5 Qxd5 4. d4 Nf6 5. Nf3 Bg4 6. Be2 e6 7. h3 Bh5 8. Be3
cxd4 9. cxd4 Nc6 10. Nc3 Qd6 11. O-O Be7 12. Nb5 Qb8 13. Nc3 O-O 14. Qd2 Rd8
15. Rfd1 Bg6 16. Qe1 Ne4 17. Bd3 Nd6 18. Bxg6 hxg6 19. d5 exd5 20. Nxd5 Nf5 21.
Nxe7+ Ncxe7 22. Bc5 Qc7 23. Rxd8+ Rxd8 24. Bxe7 1/2-1/2

[Event "Klatovy"]
[Site "?"]
[Date "2007.??.??"]
[Round "?"]
[White "Krejci, J."]
[Black "Jenc, M."]
[Result "1-0"]
[WhiteElo "2100"]
[BlackElo "1965"]
[PlyCount "45"]
[EventDate "2007.??.??"]

1. d4 Nf6 2. c4 e6 3. Nf3 c5 4. d5 b5 5. dxe6 fxe6 6. cxb5 d5 7. Bg5 Nbd7 8. e3
c4 9. Nd4 Nc5 10. Nc6 Qd7 11. Ne5 Qd8 12. Be2 Qa5+ 13. Nc3 Nce4 14. Bh5+ g6 15.
Bxf6 Nxf6 16. Bf3 Bb4 17. Qd4 O-O 18. a4 Ne4 19. Bxe4 dxe4 20. Ng4 h5 21. Nf6+
Kf7 22. Nfxe4 Rg8 23. O-O 1-0

[Event "Klatovy"]
[Site "?"]
[Date "2007.??.??"]
[Round "?"]
[White "Macek, K."]
[Black "Framberk, J."]
[Result "0-1"]
[WhiteElo "1950"]
[BlackElo "2075"]
[PlyCount "68"]
[EventDate "2007.??.??"]

1. e4 c5 2. Nf3 d6 3. d4 cxd4 4. Nxd4 Nf6 5. Nc3 Nc6 6. Bc4 e6 7. O-O Be7 8.
Be3 O-O 9. a3 a6 10. Nxc6 bxc6 11. Qf3 Nd7 12. Qg3 Ne5 13. Be2 Bh4 14. Qh3 Ng6
15. Rad1 d5 16. Bc5 Be7 17. Qe3 Rb8 18. b4 Bxc5 19. Qxc5 Qg5 20. Rd3 Nf4 21.
Rg3 Nxe2+ 22. Nxe2 Qd2 23. Qd4 Qxd4 24. Nxd4 Bd7 25. exd5 cxd5 26. Nb3 Rfc8 27.
Nc5 Bb5 28. Rc1 a5 29. c3 g6 30. a4 axb4 31. cxb4 Bxa4 32. Ra1 Rxb4 33. Nxa4
Rxa4 34. Rb1 Rac4 0-1

[Event "Klatovy"]
[Site "?"]
[Date "2007.??.??"]
[Round "?"]
[White "Danek, V."]
[Black "Lexa, V."]
[Result "1-0"]
[WhiteElo "2020"]
[BlackElo "1955"]
[PlyCount "103"]
[EventDate "2007.??.??"]

1. e4 c5 2. Nc3 d6 3. g3 Nc6 4. Bg2 e6 5. Nge2 Nf6 6. O-O Be7 7. d4 cxd4 8.
Nxd4 Nxd4 9. Qxd4 O-O 10. b3 a6 11. Bb2 Qc7 12. a4 Bd7 13. Rfe1 Bc6 14. Nd1
Rfd8 15. c4 Bf8 16. Nc3 Rab8 17. Rec1 b6 18. b4 a5 19. bxa5 bxa5 20. Nb5 Qb7
21. Re1 d5 22. exd5 exd5 23. Qa7 Qxa7 24. Nxa7 Rxb2 25. Nxc6 Rd6 26. cxd5 Nxd5
27. Nxa5 Nb6 28. Nb7 Rdd2 29. Rf1 Nc4 30. Bc6 g6 31. a5 Bg7 32. Ra4 Ne5 33. Bh1
Ra2 34. Rxa2 Rxa2 35. Be4 Nc4 36. Bd5 Ra4 37. Rc1 Nxa5 38. Rc8+ Bf8 39. Nd6 Rd4
40. Ne8 Be7 41. Ra8 Nc4 42. Bxc4 h6 43. Ba2 Kh7 44. Bxf7 Rd2 45. Ra2 Rd7 46.
Be6 Rd8 47. Nc7 h5 48. Nd5 Bc5 49. h4 Rd6 50. Nf4 Rb6 51. Kg2 Bd6 52. Ra7+ 1-0

[Event "Klatovy"]
[Site "?"]
[Date "2007.??.??"]
[Round "?"]
[White "Vacek, M."]
[Black "Havlik, J."]
[Result "0-1"]
[WhiteElo "1895"]
[BlackElo "2020"]
[PlyCount "52"]
[EventDate "2007.??.??"]

1. e4 e6 2. d4 d5 3. Nd2 Nf6 4. e5 Nfd7 5. c3 c5 6. Bd3 Nc6 7. Ne2 cxd4 8. cxd4
f6 9. exf6 Nxf6 10. O-O Bd6 11. Nf3 Qc7 12. h3 O-O 13. Kh1 Bd7 14. Be3 Be8 15.
Ng5 Bf7 16. Qc2 h6 17. Nxf7 Qxf7 18. Bg6 Qd7 19. f4 Ne7 20. g4 Rac8 21. Nc3
Nxg6 22. Qxg6 Bb4 23. Rfc1 Bxc3 24. Rxc3 Rxc3 25. bxc3 Ne4 26. Rc1 Rf6 0-1

[Event "Klatovy"]
[Site "?"]
[Date "2007.??.??"]
[Round "?"]
[White "Pravdik, K."]
[Black "Skut, M."]
[Result "1-0"]
[WhiteElo "2015"]
[BlackElo "1895"]
[PlyCount "71"]
[EventDate "2007.??.??"]

1. d4 Nf6 2. c4 g6 3. Nc3 Bg7 4. e4 d6 5. f4 O-O 6. Nf3 c5 7. d5 e6 8. Be2 exd5
9. cxd5 Re8 10. e5 dxe5 11. fxe5 Ng4 12. Bg5 Qb6 13. O-O c4+ 14. Kh1 Nxe5 15.
Nxe5 Rxe5 16. Qd2 Bf5 17. Bxc4 Nd7 18. Na4 Qd6 19. Bf4 a6 20. Nc3 b5 21. Bd3 b4
22. Bxe5 Bxe5 23. Ne4 Bxe4 24. Bxe4 Bxh2 25. Rad1 Qe5 26. Bf3 Bf4 27. Qf2 Be3
28. Qh4 f5 29. d6 g5 30. Qc4+ Kh8 31. Bxa8 Qe8 32. Qe2 g4 33. Rxf5 Qg6 34. Qxe3
Qxf5 35. Qd4+ Nf6 36. d7 1-0

[Event "Klatovy"]
[Site "?"]
[Date "2007.??.??"]
[Round "?"]
[White "Novak, J."]
[Black "Vlcek, M."]
[Result "0-1"]
[WhiteElo "2000"]
[BlackElo "1890"]
[PlyCount "114"]
[EventDate "2007.??.??"]

1. e4 d5 2. exd5 Nf6 3. d4 Nxd5 4. c4 Nb4 5. Qa4+ N8c6 6. d5 b5 7. Qd1 Nd4 8.
Na3 e5 9. Be3 Bf5 10. Bxd4 exd4 11. Qxd4 Bd6 12. Be2 Qe7 13. Nf3 Nd3+ 14. Kf1
Bc5 15. Qxg7 O-O-O 16. Qg5 Qxg5 17. Nxg5 Nxf2 18. Nxf7 Nxh1 19. Nxb5 Rhf8 20.
Nxd8 Kxd8 21. Ke1 a6 22. Nc3 Nf2 23. Kd2 Re8 24. Rf1 Be3+ 25. Ke1 Nd3+ 26. Bxd3
Bxd3 27. Rf7 Bc1+ 28. Kd1 Bxb2 29. Kd2 Bg6 30. Rf2 Ba3 31. g4 Bb4 32. h4 Re4
33. h5 Rd4+ 34. Ke3 Rd3+ 35. Kf4 Bxh5 36. gxh5 Rxc3 37. Kg5 Rxc4 38. Kh6 Bc3
39. Kxh7 a5 40. h6 Kd7 41. Kg8 Kd6 42. h7 a4 43. Rc2 Rg4+ 44. Kf8 Bg7+ 45. Kf7
Bh8 46. Kf8 Rg7 47. Rc4 Kxd5 48. Rxa4 Rxh7 49. Ra7 Be5 50. Ke8 Rh2 51. Kd7 c5
52. Ra5 Rh7+ 53. Kc8 Kc6 54. Ra6+ Kb5 55. Re6 Bd4 56. Re2 Kb4 57. Rd2 Rf7 0-1